000 00838nam a2200229Ia 4500
001 9299
003 GE_BSU
008 181216s||||||||xx |||||||||||||| ||und||
040 _cGE_BSU
080 _a821.353.1–32+821.353.1-1
100 _aლორია,პარმენ
245 _aბახვაძის დედაბერი
245 _bმოთხრობები,ლექსები
245 _cრედ.ნ.მალაზონია,მხატვ.დ.ჯვარშეიშვილი
260 _aბათუმი
260 _bაჭარის სახელგამი
260 _c1940
300 _a80გვ.ილუსტრ.21სმ.
653 _aბახვაძის დედაბერი
653 _aმოთხრობები,ლექსები
942 _cBK
999 _c42596
_d42596